• 首页
  • 本馆介绍
  • 公告通知
  • 最新文献
  • 馆藏检索
  • 电子资源
  • 读者导购
  • 参考咨询
  • 我的图书馆
  • 登录
  • 详细信息显示
  • 放入我的书架
  • 预约/预借图书
  • 作者相关作品
  • 分类相关作品
  • 丛书相关作品
  • 出版社相关作品

书目信息

  • 表格格式
  • 工作单格式
  • 卡片格式
题名:
微污染水源净水技术及工程实例
    
 
作者: 周云 , 何义亮 编著
分册:  
出版信息: 北京   化学工业出版社  2003
页数: 266页
开本: 26cm
丛书名:
单 册:
中图分类: TU991.2
科图分类:
主题词: 微量污染--供水水源--给水处理 , 供水水源 , 给水处理 , 微量污染
电子资源:
ISBN: 7-5025-4607-3
000 00919nam0 2200265 45
001 0900000007973
005 20050907090459.34
010    @a7-5025-4607-3@dCNY40.00
100    @a20040722d2003 ekmy0chiy0120 ea
101 0  @achi
102    @aCN@b110000
105    @aak z 000yy
200 1  @a微污染水源净水技术及工程实例@Awei wu ran shui yuan jing shui ji shu ji gong cheng shi li@f周云,何义亮编著@Fzhou yun,he yi liang bian zhu
210    @a北京@c化学工业出版社@d2003
215    @a266页@c图@d26cm
330    @a本书重点介绍了加强常规处理工艺、生物处理技术、活性炭处理技术、臭氧-生物活性炭技术、膜处理技术及水厂排泥水处理和污染处理问题。
606 0  @a微量污染@x供水水源@x给水处理
606 0  @a供水水源
606 0  @a给水处理
606 0  @a微量污染
690    @aTU991.2@v4
701  0 @a周云@Azhou yun@4编著
701  0 @a何义亮@Ahe yi liang@4编著
801  0 @aCN@bTSSF@c20050907
905    @a10447@dTU991.2@e221
    
    微污染水源净水技术及工程实例/周云,何义亮编著.-北京:化学工业出版社,2003
    266页:图;26cm
    
    
    ISBN 7-5025-4607-3:CNY40.00
    本书重点介绍了加强常规处理工艺、生物处理技术、活性炭处理技术、臭氧-生物活性炭技术、膜处理技术及水厂排泥水处理和污染处理问题。
●
相关链接 在E读中查询图书 在五车中查询图书 在当当中查询图书 在豆瓣中查询图书


正题名:微污染水源净水技术及工程实例     索取号:TU991.2/221         预约/预借

序号 登录号 条形码 馆藏地/架位号 状态 备注
1 0359880   3598805   第二样本阅览室/ [索取号:TU991.2/221] 在馆    
2 0359881   3598814   第三借阅区/ [索取号:TU991.2/221] 在馆    
3 0359882   3598823   第三借阅区/ [索取号:TU991.2/221] 在馆    
唐山师范学院图书馆 欢迎您!
大连网信软件有限公司© 版权所有